Estudio preliminar de la comunidad zooplanctónica de la laguna Sauce Grande (provincia de Buenos Aires, Argentina) /

Guardado en:
Autor Principal: Alfonso, María Belén.
Autor Corporativo: Universidad Nacional del Sur. Departamento de Biología, Bioquímica y Farmacia.
Otros Autores: Menéndez, María Clara, (dir. de tesina.)
Formato: Manuscrito
Idioma:Spanish
Publicado: 2013.
Materias:
Etiquetas: Agregar Etiqueta
Sin Etiquetas, Sea el primero en etiquetar este registro!
LEADER 01108ntm a22002535a 4500
001 EUN.eunm004684
008 130527s2013####ag#a#####b####000#0#spa#d
005 20251209163533.0
245 1 0 |a Estudio preliminar de la comunidad zooplanctónica de la laguna Sauce Grande (provincia de Buenos Aires, Argentina) /  |c alumna, María Belén Alfonso ; directora, María Clara Menéndez. 
260 |c 2013. 
300 |a 49 h. :  |b il. ;  |c 30 cm. 
502 |a Tesina (licenciatura)--Universidad Nacional del Sur. Departamento de Biología, Bioquímica y Farmacia, 2013. 
504 |a Incluye referencias bibliográficas. 
100 1 |a Alfonso, María Belén. 
700 1 |a Menéndez, María Clara,  |e dir. de tesina. 
710 2 |a Universidad Nacional del Sur.  |b Departamento de Biología, Bioquímica y Farmacia. 
082 0 4 |a 595.3  |2 19 
650 7 |a Zoología.  |2 unbist 
650 7 |a Zooplancton.  |2 Mopu 
650 7 |a Crustacea.  |2 Icyt 
653 |a Laguna Sauce Grande (Argentina) 
653 |a Buenos Aires (Argentina : Provincia) 
653 |a Tesinas 
859 |a AR-BaUNS  |b BIB. CENTRAL - Sector A  |h 595.3  |i AL28  |p 129178/025  |t Ej.2